000
00309cam a2200121ua 4500
082
_a
636.089
_b
SRE/JA
100
_a
Sreenivasan, K. N .
_9
1709
245
_a
Janthu Rogangal /
250
_a
1 /
260
_a
Thiruvananthapuram :
_b
State Instititute of Languages ,
_c
1973.
300
_a
134 ; .
942
_c
BK
999
_c
10861
_d
10861